Výhled světového hospodářství podle MMF. Mezinárodní měnový fond předpovídá pomalý výstup z recese u většiny vyspělých ekonomik, u některých však tento trend nastoupí pravděpodobně až v roce 1994.

Publikácia MMF World Economic Outlook (Svetový hospodársky výhľad) vychádza 2 krát ročne - na jar a na jeseň. Prehľad, ktorý hodnotí vývojové trendy svetového hospodárstva. Vyspelé krajiny. Rozvojové krajiny. Krajiny s transformujúcimi sa ekonomikami. Svetový obchod.

Saved in:
Bibliographic Details
Format: Book Chapter
Language:Czech
Subjects:
Tags: Add Tag
No Tags, Be the first to tag this record!

MARC

LEADER 00000naa a2200000 4500
001 r013712
005 20221213083230.2
041 0 |a cze 
044 |a CZ 
245 1 0 |a Výhled světového hospodářství podle MMF.  |b Mezinárodní měnový fond předpovídá pomalý výstup z recese u většiny vyspělých ekonomik, u některých však tento trend nastoupí pravděpodobně až v roce 1994. 
520 |a Publikácia MMF World Economic Outlook (Svetový hospodársky výhľad) vychádza 2 krát ročne - na jar a na jeseň. Prehľad, ktorý hodnotí vývojové trendy svetového hospodárstva. Vyspelé krajiny. Rozvojové krajiny. Krajiny s transformujúcimi sa ekonomikami. Svetový obchod. 
610 2 0 |a vývoj hospodársky 
610 2 0 |a hospodárstvo svetové 
610 2 0 |a Medzinárodný menový fond 
610 2 0 |a recesia 
610 2 0 |a obchod svetový